Собрание слов на дни торжественные (Запис номер 420398)
[ съкратено ]
| 000 -Лидер | |
|---|---|
| Контролно поле с фиксирана дължина | 01540nmm a2200337 a 4500 |
| 003 - Код на организацията, давaща контролен номер | |
| Контролно поле | BLK |
| 005 - Дата и час на последна редакция | |
| Контролно поле | 20240311110918.0 |
| 008 - Елементи от данни с фиксирана дължина | |
| fixed length control field | 210617b bu |||||||||| 00| 0 bu d |
| 040 ## - Източник на каталожния запис | |
| Идентификатор на билиотеката - собственик на записа | BLK |
| 041 ## - Код за език | |
| Код за езика на текст/звукозапис или на отделно заглавие | Руски |
| Код за езика КДБФ | Руски |
| 080 ## - УДК | |
| Текстов определител УДК | Проповеди |
| УДК код - определител по УДК | 27-475 |
| УДК - код + определител | 27-475 |
| 100 ## - Редна дума - Автор | |
| R(LIN) | 1299 |
| Автор | Иннокентий, архим. |
| Авторска отговорност | първи автор |
| 139 ## - Редно поле | |
| Редна дума | Иннокентий, архим. |
| Авторски знак | Ин - И 61 |
| 245 ## - Сведения за заглавието | |
| Заглавие | Собрание слов на дни торжественные |
| Подзаглавни данни | Говоренных Киевской академии ректором архимандритом Иннокентием |
| Редно поле (дума) | архим. Иннокентий |
| 260 ## - Област на издателските данни | |
| 9 (RLIN) | 415912 |
| Място на издаване, разпространение и проч. | Киев |
| Име на издателя, разпространителя и проч. | типогр. Киево-Печьорские лавры |
| Година на издаване | 1836 |
| 300 ## - Физическа характеристика | |
| Размери/Мащаб | 23 см |
| Страници | 247 |
| 380 ## - Жанр | |
| Жанр | Религия. Теология |
| 490 ## - СЕРИИ (Колекции) | |
| 9 (RLIN) | 410374 |
| Име на серия | Писмените съкровища на Долен Дунав |
| 490 ## - СЕРИИ (Колекции) | |
| 9 (RLIN) | 415800 |
| Име на серия | Библиотека при Русенска митрополия |
| 500 ## - Общи забележки | |
| Забележка | Книгата е от библиотеката при Русенската митрополия по проект "Писмените съкровища на Долен Дунав" |
| 650 #0 - Допълнително описание по предмет – тема | |
| Основно описание – тема или топоним | Православие - проповеди |
| 9 (RLIN) | 417118 |
| 653 #0 - Ключова дума – ненормативна | |
| 9 (RLIN) | 458171 |
| Ключова дума | православни проповеди |
| 653 #7 - Ключова дума – ненормативна | |
| 9 (RLIN) | 181863 |
| Ключова дума | беседи |
| 653 #7 - Ключова дума – ненормативна | |
| 9 (RLIN) | 195537 |
| Ключова дума | речи |
| 852 ## - Местоположение | |
| Систематично-азбучна сигнатура | 27-4/И 61 |
| 999 ## - СИСТЕМНИ КОНТРОЛНИ НОМЕРА | |
| Koha biblionumber | 420398 |
| Koha biblioitemnumber | 420398 |
| 942 ## - АРТИКУЛИ | |
| Вид на библиотечния материал | Електронен екземпляр |
| Скрит в OPAC | Не |
| Периодичен библиозапис | Да |
| 944 ## - СЪЗДАВАНЕ И РЕДАКЦИЯ на ЗАПИСА | |
| Създаване/Редакция | Създаване |
| Дата на регистрацията/редакция | 2021-06-17 |
| Служител, извършил регистрацията/редакцията | 30560 |
| Статус, дата на статуса | Геновева Генчева |
| 999 ## - СИСТЕМНИ КОНТРОЛНИ НОМЕРА | |
| Koha biblioitemnumber | 420393 |
| 999 ## - СИСТЕМНИ КОНТРОЛНИ НОМЕРА | |
| Koha biblioitemnumber | 420393 |
| 999 ## - СИСТЕМНИ КОНТРОЛНИ НОМЕРА | |
| Koha biblioitemnumber | 420376 |
Няма налични копия.